| 000 | 00366cam a22001097a 4500 | ||
|---|---|---|---|
| 008 | 180718b1969 xxu||||| |||| 00| 0 eng d | ||
| 082 | _aR78x71 W429 | ||
| 100 | _aWeiler, Paul C. | ||
| 245 |
_aTask force on labour relations, study no 6: labour arbitration and industrial change _cby Paul C. Weiler |
||
| 260 |
_aOttawa _bPrivy Council Office _c1969 |
||
| 300 | _avii, 146p | ||
| 999 |
_c496539 _d496539 |
||